Linear isentropic oscillations of stars (Record no. 17985)

MARC details
000 -LEADER
fixed length control field 00589nam a2200181Ia 4500
003 - CONTROL NUMBER IDENTIFIER
control field IN-BaIIA
008 - FIXED-LENGTH DATA ELEMENTS--GENERAL INFORMATION
fixed length control field 211028s9999 xx 000 0 eng d
020 ## - INTERNATIONAL STANDARD BOOK NUMBER
International Standard Book Number 978-3-642-13029-8
040 ## - CATALOGING SOURCE
Transcribing agency IIA Library
080 ## - UNIVERSAL DECIMAL CLASSIFICATION NUMBER
Universal Decimal Classification number 52(082.1)
Item number ASS-371
100 ## - MAIN ENTRY--PERSONAL NAME
Personal name Smeyers, Paul
9 (RLIN) 34248
245 #0 - TITLE STATEMENT
Title Linear isentropic oscillations of stars
Remainder of title theoretical foundations
Statement of responsibility, etc. Paul Smeyers
260 ## - PUBLICATION, DISTRIBUTION, ETC.
Place of publication, distribution, etc. Berlin
Name of publisher, distributor, etc. Springer
Date of publication, distribution, etc. 2010
300 ## - PHYSICAL DESCRIPTION
Extent xiv, 473p.
650 ## - SUBJECT ADDED ENTRY--TOPICAL TERM
Topical term or geographic name entry element Quasi - static stars - congresses
9 (RLIN) 34249
650 ## - SUBJECT ADDED ENTRY--TOPICAL TERM
Topical term or geographic name entry element Stars - congresses
9 (RLIN) 31297
942 ## - ADDED ENTRY ELEMENTS (KOHA)
Koha item type Books
Holdings
Withdrawn status Lost status Damaged status Not for loan Home library Current library Shelving location Date acquired Source of acquisition Cost, normal purchase price Total Checkouts Full call number Barcode Date last seen Cost, replacement price Price effective from Koha item type Purchase Price
        IIA Library-Bangalore IIA Library-Bangalore General Stacks 21/02/2011 ANJ 4241.00   52(082.1)/ ASS-371 18907 05/11/2021 4241.00 21/02/2011 Books Rs. 4241.00

Powered by Koha